The Oxford dictionary of abbreviations

Αποθηκεύτηκε σε:
Λεπτομέρειες βιβλιογραφικής εγγραφής
Συγγραφή απο Οργανισμό/Αρχή: Market House Books
Μορφή: Βιβλίο
Γλώσσα:English
Δημοσίευση: Oxford; New York : Oxford University Press, 1993
Σειρά:Oxford paperback reference
Θέματα:
Ετικέτες: Προσθήκη ετικέτας
Δεν υπάρχουν, Καταχωρήστε ετικέτα πρώτοι!

MARC

LEADER 00000pam a2200000 i 4500
001 1/92303
008 940110s1993 eng d
020 |a 0192800035 
035 |l 10008422 
040 |a GR-MY-UA  |b gre  |e aacr 
041 0 |a eng 
082 0 |a 423.1 
245 1 4 |a The Oxford dictionary of abbreviations /  |c [Compiled by Market House Books] 
260 |a Oxford; New York :   |b Oxford University Press,   |c 1993 
300 |a viii, 397 p.;  |c 20 cm 
490 1 |a Oxford paperback reference 
650 0 0 |a Abbreviations, English  |x Dictionaries. 
710 2 |a Market House Books. 
852 |a INST  |b LESVOS  |e 19940110  |h 423.1 OXF  |p 005100022999  |q 005100022999  |t REF  |y 23 
909 |a Λ  |b 033213